<?xml version="1.0" encoding="UTF-8"?><?xml-stylesheet type="text/xsl" href="static/style.xsl"?><OAI-PMH xmlns="http://www.openarchives.org/OAI/2.0/" xmlns:xsi="http://www.w3.org/2001/XMLSchema-instance" xsi:schemaLocation="http://www.openarchives.org/OAI/2.0/ http://www.openarchives.org/OAI/2.0/OAI-PMH.xsd"><responseDate>2026-04-17T05:48:42Z</responseDate><request verb="GetRecord" identifier="oai:www.recercat.cat:11351/13076" metadataPrefix="marc">https://recercat.cat/oai/request</request><GetRecord><record><header><identifier>oai:recercat.cat:11351/13076</identifier><datestamp>2025-10-01T01:34:00Z</datestamp><setSpec>com_2072_378071</setSpec><setSpec>com_2072_378040</setSpec><setSpec>col_2072_378097</setSpec></header><metadata><record xmlns="http://www.loc.gov/MARC21/slim" xmlns:dcterms="http://purl.org/dc/terms/" xmlns:xsi="http://www.w3.org/2001/XMLSchema-instance" xmlns:doc="http://www.lyncode.com/xoai" xsi:schemaLocation="http://www.loc.gov/MARC21/slim http://www.loc.gov/standards/marcxml/schema/MARC21slim.xsd">
   <leader>00925njm 22002777a 4500</leader>
   <datafield ind2=" " ind1=" " tag="042">
      <subfield code="a">dc</subfield>
   </datafield>
   <datafield ind2=" " ind1=" " tag="720">
      <subfield code="a">Fidel Kinori, Sara Guila</subfield>
      <subfield code="e">author</subfield>
   </datafield>
   <datafield ind2=" " ind1=" " tag="720">
      <subfield code="a">García-Sánchez, Vicente</subfield>
      <subfield code="e">author</subfield>
   </datafield>
   <datafield ind2=" " ind1=" " tag="720">
      <subfield code="a">Cepeda Diez, María Sonsoles</subfield>
      <subfield code="e">author</subfield>
   </datafield>
   <datafield ind2=" " ind1=" " tag="720">
      <subfield code="a">Castellano-Tejedor, Carmina</subfield>
      <subfield code="e">author</subfield>
   </datafield>
   <datafield ind2=" " ind1=" " tag="720">
      <subfield code="a">Barret Nerín, Joan-Pere</subfield>
      <subfield code="e">author</subfield>
   </datafield>
   <datafield ind2=" " ind1=" " tag="720">
      <subfield code="a">Ramos-Quiroga, Josep Antoni</subfield>
      <subfield code="e">author</subfield>
   </datafield>
   <datafield ind2=" " ind1=" " tag="260">
      <subfield code="c">2025-05-13T12:54:29Z</subfield>
   </datafield>
   <datafield ind2=" " ind1=" " tag="260">
      <subfield code="c">2025-05-13T12:54:29Z</subfield>
   </datafield>
   <datafield ind2=" " ind1=" " tag="260">
      <subfield code="c">2025-03</subfield>
   </datafield>
   <datafield ind2=" " ind1=" " tag="520">
      <subfield code="a">Self-inflicted burns; Suicide</subfield>
   </datafield>
   <datafield ind2=" " ind1=" " tag="520">
      <subfield code="a">Quemaduras autoinfligidas; Suicidio</subfield>
   </datafield>
   <datafield ind2=" " ind1=" " tag="520">
      <subfield code="a">Cremades autoinfligides; Suïcidi</subfield>
   </datafield>
   <datafield ind2=" " ind1=" " tag="520">
      <subfield code="a">Background: In 1994, the first Spanish study on patients with self-inflicted burns (SIB) was published, showing a prototypical profile of a patient with SIB: adult male, unmarried and, in 75% of the cases, with a psychiatric background. In addition, SIB accounted for 1.98% of the total admissions in a Burns Unit between 1983 and 1991, a lower percentage than other European studies. The present study aims to replicate this work, updating this profile and comparing it with the current profile. Methods: We compared the clinical and socio-demographic characteristics of 67 patients admitted during 1983–1991 (Study I) with those of 36 patients admitted during 2010–2015 (Study II). Results: It was observed that the percentage of patients with SIB admitted to the Burns Unit was lower in Study II than in Study I (1.45% vs. 1.98%). Significant age differences were identified (t(101) = −2.074, p = 0.041, 95% CI [−11.739, −0.261]). Similarly, there were statistically significant differences in several clinical characteristics, such as psychiatric history (X2 = 11.591, p = 0.001), the occurrence of previous autolytic attempts (X2 = 7.714, p = 0.007), the place where the incident occurred (X2 = 11.647, p = 0.020), the etiology of the burn (X2 = 13.142, p = 0.004), and triggers (X2 = 6.420, p = 0.036). Conclusions: Several differences have arisen between the two studies, mainly related to the specific characteristics of SIB (e.g., etiology, triggering cause, and place of the incident), possibly attributable to the social changes that have occurred in the last 20 years. These results will add to our knowledge and will stress various precipitating factors that may lead to SIB, with the final goal of designing preventive strategies.</subfield>
   </datafield>
   <datafield tag="653" ind2=" " ind1=" ">
      <subfield code="a">Conducta suïcida</subfield>
   </datafield>
   <datafield tag="653" ind2=" " ind1=" ">
      <subfield code="a">Comportament autodestructiu</subfield>
   </datafield>
   <datafield tag="653" ind2=" " ind1=" ">
      <subfield code="a">Cremades</subfield>
   </datafield>
   <datafield tag="653" ind2=" " ind1=" ">
      <subfield code="a">PSYCHIATRY AND PSYCHOLOGY::Behavior and Behavior Mechanisms::Behavior::Behavioral Symptoms::Self-Injurious Behavior</subfield>
   </datafield>
   <datafield tag="653" ind2=" " ind1=" ">
      <subfield code="a">DISEASES::Wounds and Injuries::Burns</subfield>
   </datafield>
   <datafield tag="653" ind2=" " ind1=" ">
      <subfield code="a">Other subheadings::Other subheadings::Other subheadings::/epidemiology</subfield>
   </datafield>
   <datafield tag="653" ind2=" " ind1=" ">
      <subfield code="a">PSYCHIATRY AND PSYCHOLOGY::Behavior and Behavior Mechanisms::Behavior::Behavioral Symptoms::Self-Injurious Behavior::Suicide::Suicide, Attempted</subfield>
   </datafield>
   <datafield tag="653" ind2=" " ind1=" ">
      <subfield code="a">PSIQUIATRÍA Y PSICOLOGÍA::conducta y mecanismos de la conducta::conducta::síntomas conductuales::conducta autolesiva</subfield>
   </datafield>
   <datafield tag="653" ind2=" " ind1=" ">
      <subfield code="a">ENFERMEDADES::heridas y lesiones::quemaduras</subfield>
   </datafield>
   <datafield tag="653" ind2=" " ind1=" ">
      <subfield code="a">Otros calificadores::Otros calificadores::Otros calificadores::/epidemiología</subfield>
   </datafield>
   <datafield tag="653" ind2=" " ind1=" ">
      <subfield code="a">PSIQUIATRÍA Y PSICOLOGÍA::conducta y mecanismos de la conducta::conducta::síntomas conductuales::conducta autolesiva::suicidio::intento de suicidio</subfield>
   </datafield>
   <datafield ind2="0" ind1="0" tag="245">
      <subfield code="a">Self-Inflicted Burns: A Comparative Study in a Spanish Sample</subfield>
   </datafield>
</record></metadata></record></GetRecord></OAI-PMH>